Music Quiz

Random Music or Song Quiz
Score 0/41 Timer 20:00
0 Plays Today
Lyric Song % Correct
The banker said, 'I ain't got that, but i sure got some powerful pills.' Oh Yeah!Fluffhead
90.5%
Won't you step into the freezer, seize her with a ______Tweezer
88.6%
We have cluster flies alas, and this time the view is backFarmhouse
86.2%
Oh out near Stonehenge, I lived alone, oh out near gamehendge, I chafed a bone. ______, King of Prussia, I lay this hate on youWilson
86.2%
The woman was a dream I had, though rather hard to keepBouncing Around the Room
85.6%
________ are flocking outside.Birds of a Feather
84.6%
Don't wanna be an actor, pretending on the stage. Don't wanna be a writer with my thoughts out on the pageWaste
84.6%
I'm floating in the blimp a lot. I feel the feeling i forgotFree
83.2%
Give the director a serpent deflector, a mudrat detector, a ribbon reflecterCavern
82.5%
Waiting for the time when I can finally say this has all been wonderful, but now I'm on my wayDown With Disease
82.2%
I wheeled around because I did not hear what you had saidSample in a Jar
81.7%
I'll pick you up at eight as usual, listen for my ____Horn
79.5%
UB40, UB40, UB40, UB40David Bowie
79.1%
I ought to see the man MulcaheyCharacter Zero
78.7%
I saw you with a ticket stub in your handGolgi Apparatus
78.1%
Floyd is dead, he's nothing but a ripple, cause Millie took that paper and sliced him on the nippleFee
76.7%
When I tried to step inside, I moved to where they hoped I'd beHeavy Things
76.5%
______, _______ the red red wormPiper
76.1%
The only rule is it begins, happy happy oh my friendBackwards Down the Number Line
75.1%
We want you to be happy, don't live inside the gloomJoy
74.9%
_________, he's got a knife, a statement from his former lifeMy Friend, My Friend
74.6%
Lyric Song % Correct
Got a blank space where my mind should beStealing Time From the Faulty Plan
74.1%
Never want my hand cut off, never want a hacking coughLimb by Limb
73.7%
Don't be the only one left on the block, come hide in the herd and float with the flockOcelot
73.7%
Don't take another stepJulius
73.3%
I took a moment from my day, and wrapped it up in things you sayWading in the Velvet Sea
67.6%
Oh Tequila, I turn to you like a long lost friendMexican Cousin
65.4%
She said this isn't who it would be, if it wasn't who it isWolfman's Brother
63.4%
A tiny space to move and breathe is all that I would ever needDirt
63.2%
I'm looking through, and it all would be so crystal clear, if it wasn't for the ______Foam
60.2%
If I were near from you, I wouldn't be far from youAC|DC Bag
53.5%
With nothing to return to but the demons in their cagePrince Caspian
48.7%
Silent scenes in motion means, I'll wake you when we're thereBilly Breathes
30.9%
Listen now I'm talking, I've been here for weeksCrowd Control
29.1%
Sit in a circle facing the sun. Get what you can now, winter is onArmy of One
25.5%
I can't sing my song with you, nothing's ever soaking throughTalk
25.4%
One foot follows the other, one foot follows something newThe Connection
21.7%
Why is the sun hot, and why does it rain? Why is there danger, and why is there pain?Friday
21.4%
If you keep your eyes open, you may find yourself thereAll of these Dreams
18.7%
And as the carousel circles unceasingly, watch while the ripples decay in this rolling timeTime Turns Elastic
17.8%
One more bottle is dry, one less reason to tryTwo Versions of Me
14.3%

You're not logged in!

Compare scores with friends on all Sporcle quizzes.
OR
Log In

Sporcle TV

Today on Sporcle TV


Watch our educational content, quiz creation guides, and fun videos on Sporcle TV.

Show Comments

Extras

Top Quizzes Today


Score Distribution

Paid Content

Your Account Isn't Verified!

In order to create a playlist on Sporcle, you need to verify the email address you used during registration. Go to your Sporcle Settings to finish the process.

Report this User

Report this user for behavior that violates our Community Guidelines.

Details: